000 00762cam a2200145 4500500
005 20260208002353.0
041 _afre
042 _adc
100 1 0 _aAugustins, Georges
_eauthor
245 0 0 _aGeorges Ravis-Giordani, Bergers corses: les communautés villageoises du Niolu, Ajaccio, Albiana-Parc naturel régional de Corse, 2001, 505 p., bibl., ill. Christian Pelras, Goulien, commune bretonne du Cap Sizun: entre xixe siècle et iiie millénaire, Rennes, Presses universitaires de Rennes, 2001, 486 p., bibl., ill. («Mémoire commune»)
260 _c2005.
500 _a17
786 0 _nL'Homme | 175-176 | 3 | 2005-07-01 | p. 475zb-572zb | 0439-4216
856 4 1 _uhttps://shs.cairn.info/revue-l-homme-2005-3-page-475zb?lang=fr&redirect-ssocas=7080
999 _c1645996
_d1645996